000 01714nam a2200229Ia 4500
003 Ost
005 20260507075154.0
008 260507s9999||||xx |||||||||||||| ||und||
040 _cfsecg
041 _aara
082 _a330
100 _aالحمادي، علي مجيد
_eمؤلف
245 0 _aالتشابك الاقتصادي :
_bبين النظرية و التطبيق /
_c علي مجيد الحمادي
260 _aعمان:
_bدار اليازوري,
_c2010
300 _a447 صفحة؛
_bإيضاحات ؛
_c24 سم
504 _aمراجع ص.437؛ جداول ص. 75 ؛اشكال و مخططات ص.33 ملاحق ص.445
520 _aالنموذج الاقتصادي مفهومه ، تكوينه ، خصائصه و انواعه ، العمق الفكري و التاريخي لنمذج المستخدم ــ المنتج ، بناء و تحليل جداولالمستخدم ــ المنتج ، التشابك الاقتصادي ، استخدامات تكنيك المستخدم ــ المنتج ، تطبيق منهجية المستخدم ــ المنتج على واقع التدفقات البينية التجارية العربية ، دراسة تطبيقية لتشخيص القطاعات المحورية في الاقتصاد العراقي ، دراسة تحليلية تطبيقية لمقاييس التشابك الامامي و الخلفي في الاقتصاد العراقي و تحليل مؤشرات الجذب الأمامي على المستوى القطاعي " حالة الصناعة التحويلية في العراق"
653 _aالاقتصاد
653 _aالتكامل الإقتصادي
653 _aالصناعة- العراق
942 _cكتاب
999 _c43361
_d43361